000 01327cam a22003497a 4500
999 _c8075
_d8075
001 15097870
003 OSt
005 20230209105850.0
008 071129s2007 enk 000 0 eng
010 _a 2007531425
015 _aGBA750038
_2bnb
016 7 _a013779441
_2Uk
020 _a9781905745081 (pbk.)
020 _a1905745087 (pbk.)
035 _a(OCoLC)ocn148321653
040 _aUKM
_cUKM
_dBTCTA
_dYDXCP
_dDLC
042 _alccopycat
050 0 0 _aRA649
_b.B178 2007
082 0 4 _aWA 105B23e 2007
_222
100 1 _aBaker, Robert.
_916445
245 1 0 _aEpidemic! :
_bthe past, present and future of the diseases that made us /
_cRobert Baker.
260 _aLondon :
_bVision Paperbacks,
_c2007.
300 _aviii, 296 p. ;
_c22 cm.
650 0 _aEpidemics
_xHistory.
_910424
650 0 _aCommunicable diseases
_xHistory.
_916446
650 0 _aEpidemics
_xSocial aspects.
_916447
856 4 2 _3Contributor biographical information
_uhttp://www.loc.gov/catdir/enhancements/fy0805/2007531425-b.html
856 4 2 _3Publisher description
_uhttp://www.loc.gov/catdir/enhancements/fy0805/2007531425-d.html
906 _a7
_bcbc
_ccopycat
_d2
_encip
_f20
_gy-gencatlg
942 _2z
_cO_SHELF